000 00641cam a22002293a 4500
001 15738
003 PGUSA
005 20140828083333.0
008 050430s2005||||xxu|||||s|||||000 1 eng d
040 _aPGUSA
_beng
042 _adc
050 4 _aPR
100 1 _aEdginton, May,
_d1883-1957
245 1 0 _aMarried Life :
_bThe True Romance
_h[electronic resource] /
_cMay Edginton
260 _bProject Gutenberg,
_c2005
506 _aPublic domain in the USA.
516 _aElectronic text
653 _aMarried people -- Fiction
830 0 _aProject Gutenberg
_v15738
856 4 0 _uhttp://www.gutenberg.org/ebooks/15738
942 _cEB
999 _c244993
_d244993